Pays ayant déjà accueilli un Grand Prix de Formule 1 - Statistiques

Statistiques générales
  • Ce quiz a été pris 21 665 fois
    21 145 depuis la dernière actualisation
  • Le résultat moyen est 26 sur 34
Statistiques - réponses
Hint Réponse % Correct
1950 France
99%
1959 Etats-Unis
96%
1950 Italie
96%
1951 Espagne
95%
1950 Royaume Uni
95%
2004 Chine
93%
1976 Japon
93%
1973 Brésil
92%
1951 Allemagne
90%
1950 Belgique
90%
1985 Australie
88%
1963 Mexique
88%
1967 Canada
87%
1950 Monaco
86%
2014 Russie
86%
1952 Pays-Bas
83%
1958 Portugal
83%
2021 Qatar
80%
2021 Arabie Saoudite
79%
1953 Argentine
76%
1964 Autriche
76%
1986 Hongrie
71%
2008 Singapour
68%
1962 Afrique du Sud
66%
1950 Suisse
65%
2004 Bahreïn
64%
2017 Azerbaïdjan
62%
2009 Emirats Arabes Unis
58%
2011 Inde
57%
2005 Turquie
55%
1973 Suède
51%
2010 Corée du Sud
50%
1999 Malaisie
49%
1958 Maroc
46%
Aucun quiz correspondant
Distribution des résultats
% des personnes avec chaque résultat
Percentile par nombre de réponses
Votre historique - résultats
Vous n’avez pas pris ce quiz depuis la dernière actualisation